| 000 | 01772nam a2200301Ia 4500 | ||
|---|---|---|---|
| 999 |
_c53246 _d53246 |
||
| 001 | 20287 | ||
| 003 | GE_BSU | ||
| 005 | 20200821213406.0 | ||
| 008 | 181216s1959||||ge |||||||||||||| ||geo|| | ||
| 040 | _cGE_BSU | ||
| 041 | _ageo | ||
| 080 | _a811.351.32'367.625 თ-77 | ||
| 100 |
_aთოფურია, გ. _99272 |
||
| 245 |
_aლეზგიური ზმნის ძირითადი მორფოლოგიური კატეგორიები : _bკიურიული და ახტის დიალექტების მონაცემთა მიხედვით / _cგ. თოფურია ; საქ. სსრ მეცნ. აკად. ; ენათმეცნ. ინ-ტი. |
||
| 264 |
_aთბილისი : _bსაქ. სსრ მეცნ. აკად. გამ-ბა და სტ., _c1959. |
||
| 300 |
_a136 გვ. ; _c21სმ. |
||
| 500 | _aგაშლილი თავფურცელი რუსულ ენაზე | ||
| 504 | _aბიბლიოგრაფია : გვ. 134-135 | ||
| 520 | _aგაშლილი თავფურც. რუს. ენ. | ||
| 541 | _h1ლ. | ||
| 653 | _aზმნა ლეზგიურ ენაში | ||
| 653 | _aლეზგიური ენის დიალექტები | ||
| 653 | _aლეზგიური ზმნის ძირითადი მორფოლოგიური კატეგორიები | ||
| 653 | _aქართული ენა | ||
| 710 |
_aსაქართველოს სსრ მეცნიერებათა აკადემია _99273 |
||
| 710 |
_aენათმეცნიერების ინსტიტუტი _99274 |
||
| 942 |
_cBK _2udc |
||